Pitxot (Record no. 120543)
[ view plain ]
| 000 -LEADER | |
|---|---|
| campo de control de longitud fija | 00685nam a2200193 4500 |
| 001 - NÚMERO DE CONTROL | |
| campo de control | 120543 |
| 003 - IDENTIFICADOR DE NÚMERO DE CONTROL | |
| campo de control | ES-MaACL |
| 005 - FECHA Y HORA DE LA ÚLTIMA TRANSACCIÓN | |
| campo de control | 20230906191556.0 |
| 007 - CAMPO FIJO DE DESCRIPCIÓN FÍSICA--INFORMACIÓN GENERAL | |
| campo de control de longitud fija | t| |
| 008 - DATOS DE LONGITUD FIJA--INFORMACIÓN GENERAL | |
| campo de control de longitud fija | 070214s1983 sp r ||||1| spa d |
| 100 1# - ENTRADA PRINCIPAL--NOMBRE DE PERSONA | |
| Nombre de persona | Pitxot, Antoni. |
| 9 (RLIN) | 92432 |
| 245 10 - MENCIÓN DEL TÍTULO | |
| Título | Pitxot |
| Resto del título | : 1966 - 1983 : obra pictórica : salas Pablo Ruiz Picasso, Madrid, septiembre - octubre 1983. |
| 260 ## - PUBLICACIÓN, DISTRIBUCIÓN, ETC. | |
| Lugar de publicación, distribución, etc. | Madrid : |
| Nombre del editor, distribuidor, etc. | Dirección General de Bellas Artes y Archivos, |
| Fecha de publicación, distribución, etc. | 1983. |
| 300 ## - DESCRIPCIÓN FÍSICA | |
| Extensión | 149 p., 89 lám. : |
| Otras características físicas | il. ; |
| Dimensiones | 30 cm. |
| 710 1# - ENTRADA AGREGADA--NOMBRE DE ENTIDAD CORPORATIVA | |
| Nombre de entidad corporativa o nombre de jurisdicción como elemento de entrada | España. |
| Unidad subordinada | Dirección General de Bellas Artes y Archivos. |
| 9 (RLIN) | 3708 |
| 852 ## - LOCALIZACIÓN | |
| Ubicación | ES-MaACL |
| Número de control de estantería | L-5319 |
| Sublocalización o colección | R.105769 |
| 852 ## - LOCALIZACIÓN | |
| Ubicación | ES-MaACL |
| Número de control de estantería | L-19674 |
| Sublocalización o colección | R.123367 |
| Estatus retirado | Estado de pérdida | Fuente del sistema de clasificación o colocación | Estado de daño | No para préstamo | Biblioteca de origen | Biblioteca actual | Ubicación en estantería | Fecha de adquisición | Número de inventario | Total de préstamos | Signatura topográfica completa | Código de barras | Visto por última vez | Precio de reemplazo | Tipo de ítem Koha | Restricciones de uso |
|---|---|---|---|---|---|---|---|---|---|---|---|---|---|---|---|---|
| Clasificación decimal universal | Biblioteca del Ateneo de Madrid | Biblioteca del Ateneo de Madrid | Depósito 2 | 17/01/2008 | R.123367 | L-19674 | 1012686 | 23/02/2023 | 23/02/2023 | Libro impreso | ||||||
| Clasificación decimal universal | Biblioteca del Ateneo de Madrid | Biblioteca del Ateneo de Madrid | Depósito 2 | 17/01/2008 | R.105769 | L-5319 | 1125647 | 23/02/2023 | 23/02/2023 | Libro impreso | Duplicado |
